Šok pre Goralov: Gabbi zranený

Bibliographic Details
Format: Article
Language:Slovak
Subjects:

MARC

LEADER 00000nab a2200000 a 4500
001 vtls010092576
003 SK-MaSNL
005 20260303081111.0
008 171110c2010 xo wr 0 0slo
038 |a SLLK 
040 |a SLLK  |b slo  |c sllk  |e AACR2 
041 |a slo 
044 |a xo  |c SK 
080 |a 796.332  |2 2001 
245 0 0 |a Šok pre Goralov: Gabbi zranený  |c Text a foto (mv) 
300 |b Fotogr. 
600 1 7 |a Fotso, Gabriel Kamden  |2 sllk  |9 1083863 
610 2 7 |a Mestský futbalový klub Stará Ľubovňa  |2 sllk  |9 1031864 
648 7 |a 2010  |2 snkbucl  |9 324355 
650 0 7 |a šport  |2 snkbucl  |9 1042 
650 0 7 |a futbalisti  |x zranenia  |2 sllk  |9 1031865 
651 7 |a Stará Ľubovňa (Slovensko)  |2 sllk  |9 19193 
773 0 |t Ľubovnianske noviny  |g Roč. XXXVI, č. 15 (2010), s. 8 
999 |c 1783213  |d 1785143